<?xml version="1.0" encoding="UTF-8"?>
<record
    xmlns:xsi="http://www.w3.org/2001/XMLSchema-instance"
    xsi:schemaLocation="http://www.loc.gov/MARC21/slim http://www.loc.gov/standards/marcxml/schema/MARC21slim.xsd"
    xmlns="http://www.loc.gov/MARC21/slim">

  <leader>01524nam a2200205Ia 4500</leader>
  <datafield tag="952" ind1=" " ind2=" ">
    <subfield code="0">0</subfield>
    <subfield code="1">0</subfield>
    <subfield code="4">0</subfield>
    <subfield code="7">0</subfield>
    <subfield code="a">11</subfield>
    <subfield code="b">11</subfield>
    <subfield code="d">2007-01-08</subfield>
    <subfield code="l">3</subfield>
    <subfield code="o">LB1027 W352 2004</subfield>
    <subfield code="p">11 002316</subfield>
    <subfield code="r">2015-04-21</subfield>
    <subfield code="s">2015-04-21</subfield>
    <subfield code="t">1</subfield>
    <subfield code="w">2012-06-26</subfield>
    <subfield code="y">LB</subfield>
  </datafield>
  <datafield tag="952" ind1=" " ind2=" ">
    <subfield code="0">0</subfield>
    <subfield code="1">0</subfield>
    <subfield code="4">0</subfield>
    <subfield code="7">0</subfield>
    <subfield code="a">11</subfield>
    <subfield code="b">11</subfield>
    <subfield code="d">2007-01-08</subfield>
    <subfield code="l">2</subfield>
    <subfield code="o">LB1027 W352 2004</subfield>
    <subfield code="p">11 006200</subfield>
    <subfield code="r">2014-08-23</subfield>
    <subfield code="s">2014-08-22</subfield>
    <subfield code="t">2</subfield>
    <subfield code="w">2012-06-26</subfield>
    <subfield code="y">LB</subfield>
  </datafield>
  <datafield tag="999" ind1=" " ind2=" ">
    <subfield code="c">69399</subfield>
    <subfield code="d">69399</subfield>
  </datafield>
  <controlfield tag="008">120626s2004    mx            000 0 spa d</controlfield>
  <datafield tag="020" ind1=" " ind2=" ">
    <subfield code="a">9681843525</subfield>
  </datafield>
  <datafield tag="050" ind1=" " ind2=" ">
    <subfield code="a">LB1027 </subfield>
    <subfield code="b">W352 2004</subfield>
  </datafield>
  <datafield tag="100" ind1=" " ind2=" ">
    <subfield code="a">Wielkiewicz, Richard M.</subfield>
    <subfield code="e">autor</subfield>
  </datafield>
  <datafield tag="245" ind1=" " ind2=" ">
    <subfield code="a">Manejo conductual en las escuelas </subfield>
    <subfield code="b">: Principios y m&#xE9;todos </subfield>
    <subfield code="c">/ Richard, M. Wielkiewicz</subfield>
  </datafield>
  <datafield tag="260" ind1=" " ind2=" ">
    <subfield code="a">M&#xE9;xico</subfield>
    <subfield code="b">: Limusa</subfield>
    <subfield code="c">, 2004</subfield>
  </datafield>
  <datafield tag="300" ind1=" " ind2=" ">
    <subfield code="a">308 p&#xE1;ginas</subfield>
  </datafield>
  <datafield tag="500" ind1=" " ind2=" ">
    <subfield code="a">Incluye: Contenido, Pr&#xF3;logo, Bibliograf&#xED;a, Glosario de t&#xE9;rminos de manejo conductual, Indice onom&#xE1;stico, Indice tem&#xE1;tico</subfield>
  </datafield>
  <datafield tag="505" ind1=" " ind2=" ">
    <subfield code="a">Parte I. Principios  
El c&#xF3;mo y el porqu&#xE9; del manejo del ni&#xF1;o  
Principios b&#xE1;sicos del manejo del ni&#xF1;o y de la modificaci&#xF3;n de conducta  
Procedimientos paso por paso para la evaluaci&#xF3;n y el manejo de problemas de conducta  
Principios y t&#xE9;cnicas adicionales  
Influencia rec&#xED;proca del hogar y la escuela en la conducta del ni&#xF1;o  

Parte 2. Aplicaciones  
&#xC1;reas problema espec&#xED;ficas: Generalidades  
Hiperactividad: Manejo de conducta distra&#xED;da, impulsiva y disruptiva  
Manejo de la depresi&#xF3;n infantil y conductas relacionadas  
Estrategias de manejo conductual para el miedo y la ansiedad  
Manejo de la productividad acad&#xE9;mica  
Empleo del manejo conductual para mejorar las habilidades sociales del ni&#xF1;o </subfield>
  </datafield>
  <datafield tag="519" ind1=" " ind2=" ">
    <subfield code="a">Material Complementario/  </subfield>
    <subfield code="b">Psicolog&#xED;a /</subfield>
    <subfield code="d">(11 006200)  </subfield>
  </datafield>
  <datafield tag="650" ind1=" " ind2="0">
    <subfield code="a">INSTRUCCI&#xD3;N INDIVIDUALIZADA</subfield>
  </datafield>
  <datafield tag="650" ind1=" " ind2="0">
    <subfield code="a">MODIFICACI&#xD3;N DE LA CONDUCTA</subfield>
  </datafield>
  <datafield tag="650" ind1=" " ind2="0">
    <subfield code="a">NINOS CON DISCAPACIDAD</subfield>
    <subfield code="x">EDUCACI&#xD3;N</subfield>
    <subfield code="z">ESTADOS UNIDOS</subfield>
  </datafield>
  <datafield tag="942" ind1=" " ind2=" ">
    <subfield code="c">LB</subfield>
  </datafield>
</record>
